MARC

LEADER 00000nam0a2200000 4500
001 364410
005 20231102011703.0
035 |a (RuTPU)RU\TPU\retro\21768 
090 |a 364410 
100 |a 20211115d1980 k y0rusy50 ca 
101 0 |a rus 
102 |a UA 
105 |a a z 001zy 
200 1 |a Основания, фундаменты и подземные сооружения  |e сборник научных трудов  |f Научно-исследовательский институт строительного производства Госстроя УССР ; под ред. А. Л. Филахтова 
210 |a Киев  |c Будiвельник  |d 1980 
215 |a 126 с.  |c ил. 
320 |a Библиогр. в конце ст. 
606 1 |a Основания и фундаменты  |x Монтаж  |2 stltpush  |3 (RuTPU)RU\TPU\subj\47577  |9 66499 
610 1 |a подземные сооружения 
610 1 |a проектирование 
610 1 |a строительство 
610 1 |a грунты 
610 1 |a свайные фундаменты 
610 1 |a подпорные стены 
610 1 |a армированные грунты 
675 |a 624.15  |v 4 
702 1 |a Филахтов  |b А. Л.  |4 340 
712 0 2 |a Научно-исследовательский институт строительного производства Госстроя УССР  |2 stltpush  |3 (RuTPU)RU\TPU\col\13847  |9 25798 
801 1 |a RU  |b 63413507  |c 20211115 
942 |c BK